Autonomous Areas - Statistics

General Stats
  • This quiz has been taken 34 times
    33 since last reset
  • The average score is 58 of 247
Answer Stats
Country Official Term Autonomous Area % Correct
Created Interally Denmark Autonomous Country Greenland
83%
Created Internationally China Special Administrative Region Hong Kong
78%
Created Interally Iraq Autonomous Region Kurdistan
78%
Created Interally China Autonomous Region Tibet
78%
Created Interally Russia Republic Chechnya
72%
Created Interally Russia Republic Dagestan
72%
Created Interally Denmark Autonomous Country Faroe Islands
72%
Dependent/overseas/associated territory United Kingdom Crown Dependency Isle of Man
72%
Dependent/overseas/associated territory United Kingdom Overseas Territory British Virgin Islands
67%
Created Interally Ukraine Republic Crimea
67%
Created Internationally Israel Interim Administrative Authority Gaza Strip
67%
Dependent/overseas/associated territory United States Territory Guam
67%
Created Internationally China Special Administrative Region Macau
67%
Created Interally Russia Republic Republic of Crimea
67%
Created Interally Italy Autonomous Region Sardinia
67%
Created Interally Italy Autonomous Region Sicily
67%
Second Level Subdivision Myanmar Self-Administered Zone Wa
67%
Created Interally Georgia Autonomous Republic Abkhazia
61%
Created Interally Moldova Autonomous Territorial Unit Bank of the Dniester
61%
Created Interally Antigua and Barbuda Autonomous Island Barbuda
61%
First-level Subdivision Spain Autonomous Community Catalonia
61%
Dependent/overseas/associated territory United Kingdom Crown Dependency Guernsey
61%
Dependent/overseas/associated territory United Kingdom Crown Dependency Jersey
61%
Created Interally Serbia Autonomous Province Kosovo and Metohija
61%
Created Interally Saint Kitts and Nevis Autonomous Island Nevis
61%
Created Interally France Sui Generis Collectivity New Caledonia
61%
Dependent/overseas/associated territory New Zealand State in Free-association Niue
61%
Created Interally United Kingdom Constituent Country Northern Ireland
61%
Dependent/overseas/associated territory United States Commonwealth Puerto Rico
61%
Created Interally United Kingdom Constituent Country Scotland
61%
Created Interally Georgia Provisional Administrative Entity South Ossetia
61%
Created Interally Trinidad and Tobago Autonomous Island Tobago
61%
Dependent/overseas/associated territory United States Territory US Virgin Islands
61%
Created Interally United Kingdom Constituent Country Wales
61%
Created Internationally Finland Autonomous Province Åland
56%
Dependent/overseas/associated territory United States Territory American Samoa
56%
Dependent/overseas/associated territory Netherlands Autonomous Country Aruba
56%
Created Interally Portugal Autonomous Region Azores
56%
Created Interally Chile Province and Communes Easter Island
56%
Dependent/overseas/associated territory United Kingdom Overseas Territory Falkland Islands
56%
Dependent/overseas/associated territory United Kingdom Overseas Territory Gibraltar
56%
Created Internationally Israel Interim Administrative Authority Palestinian National Authority
56%
Created Interally São Tomé and Príncipe Autonomous Region Príncipe
56%
Created Interally Russia Republic Sakha Republic
56%
De Facto Autonomous Norway Locally-administered Incorporated Area Svalbard
56%
Created Interally Tanzania Revolutionary Government Zanzibar
56%
Created Interally Russia Republic Altai Republic
50%
Created Interally Pakistan Self-governing Entity Azad Kashmir
50%
First-level Subdivision Spain Autonomous Community Basque Country
50%
Dependent/overseas/associated territory New Zealand State in Free-association Cook Islands
50%
Dependent/overseas/associated territory Netherlands Autonomous Country Curaçao
50%
Created Interally China Autonomous Region Inner Mongolia
50%
Created Interally Russia Autonomous Oblast Jewish Autonomous Oblast
50%
Created Internationally Israel Interim Administrative Authority West Bank
50%
First-level Subdivision Spain Autonomous Community Canary Islands
44%
Created Interally Russia Republic Donetsk
44%
Created Interally France Overseas Country French Polynesia
44%
First-level Subdivision Spain Autonomous Community Galicia
44%
Created Interally Russia Republic Kalmykia
44%
Created Interally Russia Republic Karelia
44%
Dependent/overseas/associated territory United States Commonwealth Northern Mariana Islands
44%
Created Interally Russia Republic North Ossetia-Alania
44%
Created Interally China Autonomous Region Xinjiang
44%
First-level Subdivision Spain Autonomous Community Aragon
39%
Created Interally Russia Republic Bashkortostan
39%
Created Interally Papua New Guinea Autonomous Region Bougainville
39%
First-level Subdivision Spain Autonomous City Ceuta
39%
Created Interally Moldova Autonomous Territorial Unit Gagauzia
39%
Created Interally Russia Republic Luhansk
39%
Created Interally Portugal Autonomous Region Madeira
39%
Created Interally Russia Republic Mari El
39%
First-level Subdivision Spain Autonomous City Melilla
39%
Created Interally Russia Republic Tatarstan
39%
Created Interally Russia Republic Tuva
39%
First-level Subdivision Spain Autonomous Community Valencian Community
39%
Created Interally Serbia Autonomous Province Vojvodina
39%
First-level Subdivision Spain Autonomous Community Andalusia
33%
Created Interally Italy Autonomous Region Aosta Valley
33%
First-level Subdivision Spain Autonomous Community Balearic Islands
33%
Created Interally Russia Republic Buryatia
33%
Dependent/overseas/associated territory United Kingdom Overseas Territory Cayman Islands
33%
First-level Subdivision Spain Autonomous Community Extremadura
33%
Created Interally Russia Republic Ingushetia
33%
Created Interally Russia Republic Karachay-Cherkessia
33%
Created Interally Uzbekistan Republic Karakalpakstan
33%
First-level Subdivision Spain Autonomous Community Madrid
33%
First-level Subdivision Spain Autonomous Community Navarre
33%
Created Interally Russia Autonomous Okrug Nenets
33%
Created Interally Russia Republic Udmurtia
33%
Created Interally Indonesia Special Autonomous Region West Papua
33%
Created Interally Russia Autonomous Okrug Yamalo-Nenets
33%
Created Interally Georgia Autonomous Republic Adjara
28%
Created Interally Russia Republic Adygea
28%
First-level Subdivision Spain Autonomous Community Asturias
28%
Created Interally Russia Autonomous Okrug Chukotka
28%
Created Interally Russia Republic Chuvashia
28%
Created Interally China Autonomous Region Guangxi
28%
Created Interally Indonesia Special Region Jakarta
28%
Created Interally Russia Republic Kabardino-Balkaria
28%
Created Interally Russia Republic Khakassia
28%
Created Interally Russia Republic Komi
28%
First-level Subdivision Bolivia Department La Paz
28%
Created Interally Russia Republic Mordovia
28%
Created Interally Greece Autonomous Monastic State Mount Athos
28%
Created Interally China Autonomous Region Ningxia
28%
Created Interally France Overseas Collectivity Saint Martin
28%
Created Interally France Overseas Collectivity Saint Pierre and Miquelon
28%
Dependent/overseas/associated territory Netherlands Autonomous Country Sint Maartin
28%
Second Level Subdivision Italy Autonomous Province South Tyrol
28%
Created Interally France Overseas Collectivity Wallis and Futuna
28%
Created Interally Indonesia Special Region Aceh
22%
Dependent/overseas/associated territory United Kingdom Overseas Territory Anguilla
22%
Created Interally Pakistan Self-governing Entity Gilgit-Baltistan
22%
First-level Subdivision Spain Autonomous Community Murcia
22%
Created Interally Azerbaijan Autonomous Republic Nakhchivan
22%
Created Interally Indonesia Special Autonomous Region Papua
22%
First-level Subdivision United Kingdom(Guernsey) Jurisdiction Alderney
17%
Created Interally Italy Autonomous Region Friuli-Venezia Giulia
17%
Created Interally Russia Autonomous Okrug Khanty-Mansi
17%
First-level Subdivision Spain Autonomous Community La Rioja
17%
Dependent/overseas/associated territory United Kingdom Overseas Territory Montserrat
17%
Created Interally Fiji Autonomous Region Rotuma
17%
Created Interally France Overseas Collectivity Saint Barthélemy
17%
First-level Subdivision United Kingdom(Guernsey) Jurisdiction Sark
17%
Created Interally Indonesia Special Region Yogyakarta
17%
Dependent/overseas/associated territory United Kingdom Overseas Territory Bermuda
11%
Created Interally Tajikistan Autonomous Province Gorno-Badakhshan
11%
Created Interally Nicaragua Autonomous Region North Caribbean Coast
11%
Second Level Subdivision India Autonomous District and Territorial Council North Sentinel Island
11%
Created Interally Cameroon Region with Special Status Northwest
11%
Created Interally Mauritius Autonomous Island Rodrigues
11%
Created Interally Nicaragua Autonomous Region South Caribbean Coast
11%
Dependent/overseas/associated territory New Zealand Self-administering Territory Tokelau
11%
Created Interally Italy Autonomous Region Trento-Alto Adige
11%
Second Level Subdivision Spain Autonomous Territorial Entity Val d'Aran
11%
First-level Subdivision Comoros Autonomous Island Anjouan
6%
Created Interally Philippines Autonomous Region Bangsamoro
6%
First-level Subdivision Spain Autonomous Community Cantabria
6%
First-level Subdivision Spain Autonomous Community Castile and Leon
6%
First-level Subdivision Spain Autonomous Community Castile-La Mancha
6%
Created Interally Indonesia Special Autonomous Region Central Papua
6%
First-level Subdivision Bolivia Department Cochabamba
6%
Created Interally Panama Indigenous Territory Emberá-Wounaan
6%
Second Level Subdivision China Autonomous Banner Evenki
6%
First-level Subdivision Comoros Autonomous Island Grande Comore
6%
Second Level Subdivision China Autonomous Prefecture Hainan
6%
De Facto Autonomous Germany Municipality Heligoland
6%
Created Interally Indonesia Special Autonomous Region Highland Papua
6%
Second Level Subdivision China Autonomous Prefecture Illi
6%
Second Level Subdivision Chile Commune Juan Fernández Islands
6%
Second Level Subdivision Canada Autonomous Area Nunatsiavut
6%
Created Interally East Timor Special Administrative Region Oecusse-Ambeno
6%
First-level Subdivision Bolivia Department Potosi
6%
First-level Subdivision Bolivia Department Santa Cruz
6%
Created Interally Indonesia Special Autonomous Region South Papua
6%
Created Interally Cameroon Region with Special Status Southwest
6%
Created Interally Indonesia Special Autonomous Region Southwest Papua
6%
Second Level Subdivision Australia Regional Authority Torres Strait Islands
6%
Second Level Subdivision Italy Autonomous Province Trentino
6%
Second Level Subdivision China Autonomous Prefecture Bayingolin
0%
First-level Subdivision Bolivia Department Beni
0%
Second Level Subdivision India Autonomous District and Territorial Council Bodo Kachari
0%
Second Level Subdivision India Autonomous District and Territorial Council Bodoland
0%
Second Level Subdivision China Autonomous Prefecture Bortala
0%
De Facto Autonomous Germany Municipality Büsingen am Hochrhein
0%
De Facto Autonomous Italy Comune Campione d'Italia
0%
Second Level Subdivision India Autonomous District and Territorial Council Chakma
0%
Second Level Subdivision India Autonomous District and Territorial Council Chandel
0%
Second Level Subdivision China Autonomous Prefecture Changji
0%
Second Level Subdivision Bolivia Autonomous Municipality Charagua
0%
Second Level Subdivision Bolivia Autonomous Municipality Charazani
0%
Second Level Subdivision Bolivia Autonomous Municipality Chayanta
0%
Second Level Subdivision Bolivia Autonomous Municipality Chipaya
0%
First-level Subdivision Bolivia Department Chuquisaca
0%
Second Level Subdivision India Autonomous District and Territorial Council Churachandpur
0%
Second Level Subdivision China Autonomous Prefecture Chuxiong
0%
Second Level Subdivision China Autonomous Prefecture Dali
0%
Second Level Subdivision Myanmar Self-Administered Zone Danu
0%
Second Level Subdivision China Autonomous Banner Dawa
0%
Second Level Subdivision China Autonomous Prefecture Dehong
0%
Second Level Subdivision India Autonomous District and Territorial Council Deori
0%
Second Level Subdivision China Autonomous Prefecture Dêqên
0%
Second Level Subdivision India Autonomous District and Territorial Council Dima Hasao
0%
Second Level Subdivision China Autonomous Prefecture Enshi
0%
Second Level Subdivision China Autonomous Prefecture Gannan
0%
Second Level Subdivision India Autonomous District and Territorial Council Garo Hills
0%
Second Level Subdivision China Autonomous Prefecture Garzê
0%
Second Level Subdivision China Autonomous Prefecture Golog
0%
Second Level Subdivision India Autonomous District and Territorial Council Gorkhaland
0%
Second Level Subdivision Bolivia Autonomous Province Gran Chaco
0%
Created Interally Panama Indigenous Territory Guna de Madungandí
0%
Created Interally Panama Indigenous Territory Guna Yala
0%
Second Level Subdivision China Autonomous Prefecture Haibei
0%
Second Level Subdivision China Autonomous Prefecture Haixi
0%
Second Level Subdivision China Autonomous Prefecture Honghe
0%
Second Level Subdivision Bolivia Autonomous Municipality Huacaya
0%
Second Level Subdivision China Autonomous Prefecture Huangnan
0%
Second Level Subdivision India Autonomous District and Territorial Council Jaintia Hills
0%
Second Level Subdivision Bolivia Autonomous Municipality Jesús de Machaca
0%
Second Level Subdivision India Autonomous District and Territorial Council Kachari
0%
Second Level Subdivision India Autonomous District and Territorial Council Kamatapur
0%
Second Level Subdivision India Autonomous District and Territorial Council Karbi Anglong
0%
Second Level Subdivision India Autonomous District and Territorial Council Khasi Hills
0%
Second Level Subdivision China Autonomous Prefecture Kizilsu
0%
Second Level Subdivision Myanmar Self-Administered Zone Kokang
0%
Created Interally Panama Indigenous Territory Kuna de Wargandí
0%
Second Level Subdivision India Autonomous District and Territorial Council Lai
0%
Second Level Subdivision India Autonomous District and Territorial Council Leh Hills
0%
Second Level Subdivision China Autonomous Prefecture Liangshan
0%
Second Level Subdivision China Autonomous Prefecture Linxia
0%
Second Level Subdivision India Autonomous District and Territorial Council Mara
0%
Second Level Subdivision India Autonomous District and Territorial Council Matak
0%
Second Level Subdivision India Autonomous District and Territorial Council Mising
0%
First-level Subdivision Comoros Autonomous Island Mohéli
0%
Second Level Subdivision Bolivia Autonomous Municipality Mojocoya
0%
Second Level Subdivision India Autonomous District and Territorial Council Moran
0%
Second Level Subdivision China Autonomous Banner Morin
0%
Second Level Subdivision Myanmar Self-Administered Zone Naga
0%
Created Interally Panama Indigenous Territory Naso Tjër Di Comarca
0%
Second Level Subdivision China Autonomous Prefecture Ngawa
0%
Created Interally Panama Indigenous Territory Ngöbe-Buglé
0%
Second Level Subdivision China Autonomous Prefecture Nujiang
0%
Second Level Subdivision China Autonomous Banner Oroqen
0%
First-level Subdivision Bolivia Department Oruro
0%
Second Level Subdivision Myanmar Self-Administered Zone Pa Laung
0%
Second Level Subdivision Bolivia Autonomous Municipality Pampas Aullagas
0%
First-level Subdivision Bolivia Department Pando
0%
Second Level Subdivision Myanmar Self-Administered Zone Pa-O
0%
Second Level Subdivision China Autonomous Prefecture Qiandongnan
0%
Second Level Subdivision India Autonomous District and Territorial Council Rabha Hasong
0%
Second Level Subdivision India Autonomous District and Territorial Council Sadar Hills
0%
Second Level Subdivision Bolivia Autonomous Municipality Salinas de Garci Mendoza
0%
Second Level Subdivision Bolivia Autonomous Municipality San Pedro de Totora
0%
Second Level Subdivision India Autonomous District and Territorial Council Senapati
0%
Second Level Subdivision India Autonomous District and Territorial Council Sonowal
0%
Second Level Subdivision India Autonomous District and Territorial Council Tamenglong
0%
Second Level Subdivision Bolivia Autonomous Municipality Tarabuco
0%
First-level Subdivision Bolivia Department Tarija
0%
Second Level Subdivision India Autonomous District and Territorial Council Thengal Kachari
0%
Second Level Subdivision India Autonomous District and Territorial Council Tiwa
0%
Second Level Subdivision India Autonomous District and Territorial Council Tripura Tribal Areas
0%
Second Level Subdivision India Autonomous District and Territorial Council Ukhrul
0%
Second Level Subdivision China Autonomous Prefecture Wenshan
0%
Second Level Subdivision China Autonomous Prefecture Xiangxi
0%
Second Level Subdivision China Autonomous Prefecture Xishuangbanna
0%
Second Level Subdivision China Autonomous Prefecture Yanbian
0%
Second Level Subdivision China Autonomous Prefecture Yushu
0%
No matching quizzes found
Score Distribution
Percent of People with Each Score
Percentile by Number Answered
Your Score History
You have not taken this quiz since the last reset